Constitutional government and democracy ; theory and practice in Europe and America /

Bibliographic Details
Main Author: Friedrich, Carl J. (Carl Joachim), 1901-1984
Format: Book
Language:English
Published: Boston, New York [etc.] : Ginn, [1946]
Subjects:

MARC

Tag First Indicator Second Indicator Subfields
LEADER 00000cam a2200000 4500
001 in00000056926
005 20151008050925.0
008 760310s1946 mau b 00110 engm
010 |a  47001505  
035 |a (OCoLC)02042692 
035 |9 AAG4333AM 
040 |a DLC  |c AKU  |d AKU  |d TXA  |d UtOrBLW 
049 |a TXAM  |c 1 [140305]  
050 0 |a JF51  |b .F7 1946 
092 |a 342  |b F911c, 1946 
100 1 |a Friedrich, Carl J.  |q (Carl Joachim),  |d 1901-1984. 
245 1 0 |a Constitutional government and democracy ;  |b theory and practice in Europe and America /  |c by Carl J. Friedrich. 
264 1 |a Boston,  |a New York [etc.] :  |b Ginn,  |c [1946] 
300 |a xix, 695 pages ;  |c 23 cm. 
336 |a text  |b txt  |2 rdacontent 
337 |a unmediated  |b n  |2 rdamedia 
338 |a volume  |b nc  |2 rdacarrier 
500 |a "Revised edition of the author's Constitutional government and politics." 
504 |a Bibliography: pages [595]-670. 
650 0 |a Political science. 
650 0 |a Constitutional history. 
999 |a MARS 
999 f f |s 5b0c212c-1384-37df-b91a-7c82bfb78db9  |i c7b6c645-cdaf-302a-b0fa-dcea7ad5e48a  |t 0 
952 f f |p ric  |a Texas A&M University  |b Rellis Campus  |c Joint Library Facility  |d Remote Storage  |t 0  |e JF51 .F7 1946  |h Library of Congress classification  |i unmediated -- volume  |m A14800785916 
998 f f |a JF51 .F7 1946  |t 0  |l Remote Storage